000 00754nam a2200277Ia 4500
003 OSt
005 20221006150610.0
006 a|||||r|||| 00| 0
007 ta
008 221006b |||||||| |||| 00| 0 jpn d
020 _c¥320
024 _a19,198
037 _bGift, Japan Foundation
_cTextual
040 _aEASL
_cEASL
_bjpn
041 _2jpn
_ajpn
082 _aV42:2.N7, L9
100 _aHIGUCHI Yoichi
_9657108
245 0 _aHikaku no naka no nihongoku kenpo
260 _aTokyo
_bIwanami Shoten Japan
_c1979
300 _a208p.
_ccm.
490 _v JL
650 _a Constitution - Japan
650 _aJL
942 _hV42:2.N7, L9
_cTEXL
_2CC
999 _c1087284
_d1087284